000 01138nam0a22002651 4500
001 rc\3695144
005 20130115152153.9
021 _aRU
_b[71-2586]
035 _a(NLR Aleph) 007851512
090 _a7781115
_c7781115
100 _a20130115d1970 |||y0rusy50 ca
101 0 _arus
102 _aRU
105 _ay z |||||
200 1 _aЭкономические обоснования технического развития в строительстве
_fНауч.-исслед. ин-т экономики строительства Госстроя СССР
210 _aМосква
_cСтройиздат
_d1970
215 _a159 с.
_d22
300 _aПеред загл. авт.: канд. экон. наук В.Г. Киевский
606 _aСтроительное дело
_xВнедрение передовой технологии и техники
_xЭкономическая эффективность
_2psbo
700 1 _aКиевский
_bВ. Г.
_gВладимир Григорьевич
801 0 _aRU
_bNLR
_gpsbo
801 1 _aRU
_bELAR
_2rusmarc
852 _aNLR
_j71-5/1456
942 _cBOOK
980 _aNB